Late antiquity on the eve of Islam / (Record no. 15342)

000 -LEADER
fixed length control field 02511cam a2200421 a 4500
001 - CONTROL NUMBER
control field 17157491
005 - DATE AND TIME OF LATEST TRANSACTION
control field 20170105102916.0
008 - FIXED-LENGTH DATA ELEMENTS--GENERAL INFORMATION
fixed length control field 120209t20132013enkab b 001 0 eng d
010 ## - LIBRARY OF CONGRESS CONTROL NUMBER
LC control number 2012932937
015 ## - NATIONAL BIBLIOGRAPHY NUMBER
National bibliography number GBB288446
Source bnb
016 7# - NATIONAL BIBLIOGRAPHIC AGENCY CONTROL NUMBER
Record control number 016162900
Source Uk
020 ## - INTERNATIONAL STANDARD BOOK NUMBER
International Standard Book Number 9781409400707 (hbk.)
020 ## - INTERNATIONAL STANDARD BOOK NUMBER
International Standard Book Number 1409400700 (hbk.)
035 ## - SYSTEM CONTROL NUMBER
System control number (OCoLC)ocn809562452
040 ## - CATALOGING SOURCE
Original cataloging agency UKMGB
Language of cataloging eng
Transcribing agency UKMGB
Modifying agency OCLCO
-- YDXCP
-- BTCTA
-- KIJ
-- TXA
-- BWX
-- ORC
-- CHVBK
-- CUS
-- OCLCO
-- VVC
-- DLC
042 ## - AUTHENTICATION CODE
Authentication code lccopycat
043 ## - GEOGRAPHIC AREA CODE
Geographic area code mm-----
050 00 - LIBRARY OF CONGRESS CALL NUMBER
Classification number CB353
Item number .L378 2013
082 04 - DEWEY DECIMAL CLASSIFICATION NUMBER
Classification number 949.5013
Edition number 23
245 00 - TITLE STATEMENT
Title Late antiquity on the eve of Islam /
Statement of responsibility, etc. edited by Averil Cameron.
300 ## - PHYSICAL DESCRIPTION
Extent lxviii, 452 pages :
Other physical details illustrations, maps ;
Dimensions 25 cm.
490 1# - SERIES STATEMENT
Series statement The formation of the classical Islamic world ;
Volume/sequential designation volume 1
500 ## - GENERAL NOTE
General note A critical selection of research articles previously published. Articles published in languages other than English have been translated.
504 ## - BIBLIOGRAPHY, ETC. NOTE
Bibliography, etc. note Includes bibliographical references (pages xxxix-lxviii) and index.
505 0# - FORMATTED CONTENTS NOTE
Formatted contents note Explosion of late antiquity / Andrea Giardina -- The other transition: from the ancient world to feudalism / Chris Wickham -- The Nika Riot: a reappraisal / Geoffrey Greatrex -- The Justinianic plague revisited / Dionysios Stathakopoulos -- The origins of the manorial economy: new insights from late antiquity / Peter Sarris -- Ruling the late Roman and early Byzantine city: a continuous history / Mark Whittow -- Syria in transition, AD 55-750: an archaeological approach / Clive Foss -- Recruitment in Roman armies from Justinian to Heraclius (ca. 565-615) / Michael Whitby -- Heraclius' Persian campaigns and the revival of the East Roman empire, 622-630 / James Howard-Johnston -- John Moschus and his friend Sophronius the sophist / Henry Chadwick -- Holy images and likeness / Gilbert Dagron.
650 #0 - SUBJECT ADDED ENTRY--TOPICAL TERM
Topical term or geographic name entry element Islamic civilization.
650 #0 - SUBJECT ADDED ENTRY--TOPICAL TERM
Topical term or geographic name entry element Civilization, Medieval.
651 #0 - SUBJECT ADDED ENTRY--GEOGRAPHIC NAME
Geographic name Byzantine Empire
General subdivision History
Chronological subdivision 527-1081.
651 #0 - SUBJECT ADDED ENTRY--GEOGRAPHIC NAME
Geographic name Byzantine Empire
General subdivision Civilization
Chronological subdivision 527-1081.
651 #0 - SUBJECT ADDED ENTRY--GEOGRAPHIC NAME
Geographic name Byzantine Empire
General subdivision Foreign relations
Chronological subdivision 527-1081.
651 #0 - SUBJECT ADDED ENTRY--GEOGRAPHIC NAME
Geographic name Byzantine Empire
General subdivision Politics and government
Chronological subdivision 527-1081.
651 #0 - SUBJECT ADDED ENTRY--GEOGRAPHIC NAME
Geographic name Byzantine Empire
General subdivision History, Military
Chronological subdivision 527-1081.
700 1# - ADDED ENTRY--PERSONAL NAME
Personal name Cameron, Averil,
Relator term editor of compilation.
830 #0 - SERIES ADDED ENTRY--UNIFORM TITLE
Uniform title Formation of the classical Islamic world ;
Volume/sequential designation v. 1.
906 ## - LOCAL DATA ELEMENT F, LDF (RLIN)
a 7
b cbc
c copycat
d 2
e ncip
f 20
g y-gencatlg
942 ## - ADDED ENTRY ELEMENTS (KOHA)
Source of classification or shelving scheme
Koha item type Book
Holdings
Withdrawn status Lost status Damaged status Not for loan Collection code Permanent Location Current Location Shelving location Date acquired Total Checkouts Full call number Barcode Date last seen Price effective from Koha item type
          Centre for International Peace & Stability (CIPS) Centre for International Peace & Stability (CIPS) General Stacks 10/02/2013   949.5013 LAT 2013 CIPS0002219 11/27/2013 11/27/2013 Book
© 2023 Central Library, National University of Sciences and Technology. All Rights Reserved.